[Event "81st ch-ESP Rapid 2016"]
[Site "Linares ESP"]
[Date "2016.08.14"]
[Round "8.1"]
[White "Anton Guijarro, David"]
[Black "Munoz, Miguel"]
[Result "1/2-1/2"]
[WhiteTitle "GM"]
[BlackTitle "GM"]
[WhiteElo "2627"]
[BlackElo "2451"]
[WhiteFideId "2285525"]
[BlackFideId "3800229"]
[EventDate "2016.08.14"]

1. Nf3 c5 2. e4 Nc6 3. Nc3 Nf6 4. Bb5 Nd4 5. e5 Nxb5 6. Nxb5 Nd5 7. Ng5 f5 8.
Nc3 Nb4 9. O-O e6 10. Nf3 b6 11. a3 Nc6 12. d4 cxd4 13. Nxd4 Nxd4 14. Qxd4 Bb7
15. Be3 Be7 16. Rad1 Bc6 17. f3 O-O 18. Qd2 Qc7 19. Bd4 Rf7 20. Rfe1 g5 21. Qe2
Rg7 22. Nb5 Qd8 23. Nd6 Qf8 24. c4 Rg6 25. Bc3 Qh6 26. Rd4 Rf8 27. b4 Qh5 28. b5
Ba8 29. Bb4 g4 30. f4 Bf3 31. Qf2 Ba8 32. g3 Qh3 33. Re3 h5 34. Qf1 h4 35. Qxh3
gxh3 36. Be1 Kh7 37. a4 Rfg8 38. Ra3 hxg3 39. Bxg3 Bh4 40. Rdd3 Rg4 41. a5 bxa5
42. Rxa5 Bd8 43. Ra6 Bb6+ 44. Rxb6 axb6 45. Kf2 Kg6 46. Ra3 Kh5 47. Rd3 Kg6 48.
Ra3 Kh5 49. Rd3 Kg6 50. Ra3 Kh5 51. Rd3 Kg6 52. Ra3 1/2-1/2

[Event "81st ch-ESP Rapid 2016"]
[Site "Linares ESP"]
[Date "2016.08.14"]
[Round "8.2"]
[White "Suarez Garcia, Carlos"]
[Black "Vallejo Pons, Francisco"]
[Result "0-1"]
[WhiteTitle "FM"]
[BlackTitle "GM"]
[WhiteElo "2426"]
[BlackElo "2713"]
[WhiteFideId "22230858"]
[BlackFideId "2205530"]
[EventDate "2016.08.14"]

1. d4 f5 2. Bf4 Nf6 3. e3 g6 4. Nf3 Bg7 5. c4 d6 6. h3 O-O 7. Be2 Ne4 8. Qc2 Nc6
9. Bh2 e5 10. dxe5 dxe5 11. O-O a5 12. Rd1 Qe7 13. Nfd2 Nb4 14. Qc1 Nc5 15. Nb3
Nxa2 16. Rxa2 Nxb3 17. Qc2 Nc5 18. b4 Na6 19. Rxa5 Nxb4 20. Qa4 Rxa5 21. Qxa5
Nc6 22. Qb5 e4 23. Nd2 Rd8 24. Nb3 Rxd1+ 25. Bxd1 Be5 26. Bxe5 Qxe5 27. Nd4 Kf8
28. Nxc6 Qxb5 29. cxb5 bxc6 30. bxc6 Ke7 31. f3 Be6 32. fxe4 fxe4 33. Kf2 Kd6
34. Ke1 Kc5 35. Kd2 Kb4 36. Bc2 Bd5 37. Bb1 g5 38. g3 h6 39. h4 Bxc6 40. Ba2 Ka3
41. hxg5 hxg5 42. Be6 Kb2 43. Bc4 Bb7 44. Be6 c5 45. Bc4 Bc6 46. Ba6 Bd5 47. Bb5
c4 48. Ba4 c3+ 49. Kd1 Bc4 50. Bc2 Bd3 0-1

[Event "81st ch-ESP Rapid 2016"]
[Site "Linares ESP"]
[Date "2016.08.14"]
[Round "8.3"]
[White "Huerga Leache, Mikel"]
[Black "Arizmendi Martinez, Julen Luis"]
[Result "0-1"]
[WhiteTitle "IM"]
[BlackTitle "GM"]
[WhiteElo "2455"]
[BlackElo "2496"]
[WhiteFideId "2268795"]
[BlackFideId "2205092"]
[EventDate "2016.08.14"]

1. e4 e6 2. d4 d5 3. Bd3 c5 4. exd5 exd5 5. Nf3 c4 6. Be2 Bd6 7. O-O Ne7 8. b3
cxb3 9. axb3 Nbc6 10. c4 O-O 11. Nc3 Bb4 12. Na2 Bd6 13. c5 Bc7 14. b4 a6 15. h3
Bf5 16. Bb2 Ng6 17. b5 axb5 18. Bxb5 Nf4 19. Bc1 Ne6 20. Be3 Be4 21. Bxc6 bxc6
22. Nd2 Bd3 23. Re1 Qf6 24. Nb4 Bb5 25. Nf3 Ba5 26. Qd2 Bc7 27. Qb2 Rab8 28. Ra7
Rfc8 29. Qd2 Qf5 30. Na6 Bxa6 31. Rxa6 Rb1 32. Kh1 Rxe1+ 33. Nxe1 Bd8 34. Qa2
Bf6 35. Nf3 h6 36. Ra8 Nc7 37. Rxc8+ Qxc8 38. Qa7 Nb5 39. Qa5 Kh7 40. Qa4 Qf5
41. Qa8 Qe6 42. Kh2 g6 43. Qb7 Kg7 44. Qb8 Qe4 45. Qc8 Qe6 46. Qb7 g5 47. Kh1
Nc3 48. Nh2 Nb5 0-1

[Event "81st ch-ESP Rapid 2016"]
[Site "Linares ESP"]
[Date "2016.08.14"]
[Round "8.4"]
[White "Alonso Rosell, Alvar"]
[Black "Narciso Dublan, Marc"]
[Result "1-0"]
[WhiteTitle "GM"]
[BlackTitle "GM"]
[WhiteElo "2524"]
[BlackElo "2482"]
[WhiteFideId "2270544"]
[BlackFideId "2201500"]
[EventDate "2016.08.14"]

1. Nf3 d5 2. d4 Nf6 3. c4 e6 4. g3 Be7 5. Bg2 O-O 6. O-O c6 7. Qc2 b6 8. Rd1 Bb7
9. Ne5 Na6 10. Nc3 c5 11. dxc5 Bxc5 12. cxd5 exd5 13. Nd3 Rc8 14. Nxc5 Nxc5 15.
Bg5 Ne6 16. Bxf6 Qxf6 17. Bxd5 Bxd5 18. Rxd5 Rc7 19. Rad1 Rfc8 20. Qe4 Qg6 21.
Rd8+ Nf8 22. Qe8 Ra8 23. Nb1 1-0

[Event "81st ch-ESP Rapid 2016"]
[Site "Linares ESP"]
[Date "2016.08.14"]
[Round "8.5"]
[White "Forcen Esteban, Daniel"]
[Black "Vazquez Igarza, Renier"]
[Result "0-1"]
[WhiteTitle "GM"]
[BlackTitle "GM"]
[WhiteElo "2561"]
[BlackElo "2589"]
[WhiteFideId "2288230"]
[BlackFideId "3503054"]
[EventDate "2016.08.14"]

1. e4 c5 2. Nf3 e6 3. d4 cxd4 4. Nxd4 Nc6 5. Nc3 Qc7 6. g3 a6 7. Bg2 Nge7 8. Nb3
Ne5 9. O-O b5 10. a3 Bb7 11. f4 Nc4 12. Qe2 Ng6 13. h4 Be7 14. h5 Nf8 15. e5 d5
16. exd6 Nxd6 17. Bxb7 Qxb7 18. Be3 Nd7 19. Rad1 O-O 20. Nd4 Rac8 21. f5 Nxf5
22. Nxf5 exf5 23. Rxf5 Rfe8 24. Qf2 Nf6 25. Qf4 h6 26. Bd4 Rc4 27. b3 Rc6 28. g4
Re6 29. Rf1 Bd6 30. Qf2 Be5 31. g5 Ng4 32. Rxf7 Nxf2 0-1

[Event "81st ch-ESP Rapid 2016"]
[Site "Linares ESP"]
[Date "2016.08.14"]
[Round "8.6"]
[White "Salgado Lopez, Ivan"]
[Black "Pardo Simon, David"]
[Result "1/2-1/2"]
[WhiteTitle "GM"]
[BlackTitle "IM"]
[WhiteElo "2651"]
[BlackElo "2492"]
[WhiteFideId "2257327"]
[BlackFideId "2296276"]
[EventDate "2016.08.14"]

1. e4 g6 2. d4 d6 3. c4 Bg7 4. Be2 Nc6 5. Be3 e5 6. dxe5 dxe5 7. Qxd8+ Kxd8 8.
Nc3 Nd4 9. O-O-O c5 10. f4 exf4 11. Bxf4 Be6 12. Nf3 Ne7 13. Nb5 Nc6 14. Nbxd4
Bxd4 15. Nxd4 Nxd4 16. Be5 Ke7 17. Bxd4 cxd4 18. Rxd4 Kf6 19. Kd2 Rhd8 20. Rxd8
Rxd8+ 21. Ke3 Ke5 22. b3 Rd4 23. Bf3 g5 24. Rd1 Rxd1 25. Bxd1 b6 26. Be2 a5 27.
h3 Bd7 28. Bg4 Bc6 29. Bf5 h5 30. g3 h4 31. gxh4 gxh4 32. a3 Bb7 33. b4 axb4 34.
axb4 Bc6 35. Kd3 f6 36. c5 b5 37. Ke3 Be8 38. Bc8 Bc6 39. Ba6 Bd7 40. Kf3 Bxh3
41. Bxb5 Bc8 42. Bf1 Bb7 43. b5 Bxe4+ 44. Kg4 Kd4 45. c6 Kc5 46. c7 Bb7 47. Kxh4 1/2-1/2

[Event "81st ch-ESP Rapid 2016"]
[Site "Linares ESP"]
[Date "2016.08.14"]
[Round "8.7"]
[White "Ibarra Jerez, Jose Carlos"]
[Black "Ladron De Guevara Pinto, Paolo"]
[Result "1/2-1/2"]
[WhiteTitle "GM"]
[BlackTitle "FM"]
[WhiteElo "2563"]
[BlackElo "2369"]
[WhiteFideId "2226332"]
[BlackFideId "2290847"]
[EventDate "2016.08.14"]

1. d4 Nf6 2. g3 g6 3. Bg2 d5 4. Nf3 Bg7 5. c4 c6 6. cxd5 cxd5 7. O-O O-O 8. Nc3
Ne4 9. Qb3 Nxc3 10. bxc3 Nc6 11. Bf4 Na5 12. Qb4 b6 13. Nd2 Ba6 14. Rfe1 Rc8 15.
e4 dxe4 16. Nxe4 Qd7 17. Nc5 bxc5 18. Qxa5 Qb5 19. Qxb5 Bxb5 20. Bb7 Rcd8 21.
Rab1 Bd3 22. Rbd1 Bf5 23. dxc5 Bxc3 24. Rxd8 Rxd8 25. Rxe7 Bc8 26. Bd6 Bf6 27.
Rc7 Be6 28. a4 a5 29. Bc6 Rc8 30. Rxc8+ Bxc8 31. Be8 Bc3 32. Kf1 Kg7 33. Ke2 Kf6
34. c6 Ke6 35. Ba3 Bd4 36. f4 f5 37. h4 Bb6 38. h5 gxh5 39. Bxh5 Ba6+ 40. Kd2
Bc8 41. Bf3 Bc7 42. Bc5 Bd6 43. Ba7 Bb4+ 44. Ke3 Kd6 45. Kd4 Be1 46. Bc5+ Kc7
47. Ke5 Bxg3 48. Bd6+ Kb6 49. Be7 Be1 50. Bd8+ Kc5 51. Be7+ Kb6 52. Bd8+ Kc5 53.
Kf6 Kd6 54. Bb6 Bd2 55. Ba7 Kc7 56. Ke5 h5 57. Bxh5 Kxc6 58. Bf3+ Kc7 59. Bd5
Bd7 60. Bb3 Bc3+ 61. Kd5 Bd2 62. Ke5 Bc3+ 63. Kd5 Bd2 64. Ke5 Bc3+ 65. Kd5 Bd2 1/2-1/2

[Event "81st ch-ESP Rapid 2016"]
[Site "Linares ESP"]
[Date "2016.08.14"]
[Round "8.8"]
[White "Espinosa Aranda, Angel"]
[Black "Del Rio De Angelis, Salvador G."]
[Result "0-1"]
[WhiteTitle "IM"]
[BlackTitle "GM"]
[WhiteElo "2422"]
[BlackElo "2522"]
[WhiteFideId "2278189"]
[BlackFideId "2203138"]
[EventDate "2016.08.14"]

1. e4 e6 2. d4 c5 3. Nf3 cxd4 4. Nxd4 Nf6 5. Nc3 d6 6. Be2 Be7 7. O-O O-O 8. f4
Nc6 9. Be3 Bd7 10. Qe1 Nxd4 11. Bxd4 Bc6 12. Qg3 g6 13. Qe3 a6 14. Rad1 b5 15.
Bxf6 Bxf6 16. e5 Be7 17. exd6 Bxd6 18. Ne4 Bxe4 19. Qxe4 Bc5+ 20. Kh1 Qb6 21.
Rd7 Rad8 22. Rfd1 Rxd7 23. Rxd7 Qa5 24. c3 Qxa2 25. b4 Be7 26. h3 Bf6 27. c4
bxc4 28. Bxc4 Qa1+ 29. Kh2 Rd8 30. Bxe6 Rxd7 31. Bxd7 Bd4 32. Qf3 Bg1+ 33. Kg3
Qe1+ 34. Kg4 h5+ 35. Kg5 Kg7 0-1

[Event "81st ch-ESP Rapid 2016"]
[Site "Linares ESP"]
[Date "2016.08.14"]
[Round "8.9"]
[White "Montoliu Cervero, Francisco"]
[Black "Asis Gargatagli, Hipolito"]
[Result "1/2-1/2"]
[WhiteTitle "FM"]
[BlackTitle "IM"]
[WhiteElo "2346"]
[BlackElo "2487"]
[WhiteFideId "2214814"]
[BlackFideId "2260735"]
[EventDate "2016.08.14"]

1. e4 c5 2. Nf3 d6 3. d4 cxd4 4. Nxd4 Nf6 5. Nc3 a6 6. Be3 Ng4 7. Bc1 Nc6 8.
Nxc6 bxc6 9. Be2 Nf6 10. O-O e5 11. Bc4 Be7 12. Qd3 O-O 13. Bg5 h6 14. Bxf6 Bxf6
15. Rad1 Be7 16. Na4 Qc7 17. b3 a5 18. Qf3 Kh8 19. Qe3 f5 20. Nb6 Rb8 21. Nxc8
Qxc8 22. exf5 d5 23. Bd3 e4 24. Be2 Qxf5 25. f3 Bg5 26. Qc5 e3 27. f4 Bxf4 28.
g3 Qg6 29. Rd4 Qd6 30. Qxd6 Bxd6 31. Rdd1 g6 32. Rxf8+ Rxf8 33. Rf1 Rxf1+ 34.
Kxf1 h5 35. Ba6 d4 36. Kg2 Kg7 37. h3 g5 38. g4 h4 39. Kf3 Kf6 40. Ke4 c5 41. a4 1/2-1/2

[Event "81st ch-ESP Rapid 2016"]
[Site "Linares ESP"]
[Date "2016.08.14"]
[Round "8.10"]
[White "Aranda Marin, Cristian"]
[Black "Anaya Lopez, Gonzalo Javier"]
[Result "1-0"]
[WhiteTitle "FM"]
[WhiteElo "2350"]
[BlackElo "1984"]
[WhiteFideId "2205513"]
[BlackFideId "22200053"]
[EventDate "2016.08.14"]

1. d4 Nf6 2. Nc3 d5 3. Bg5 Ne4 4. Nxe4 dxe4 5. Qd2 Qd5 6. Bf4 c5 7. dxc5 Qxd2+
8. Bxd2 e5 9. b4 a5 10. c3 Be6 11. e3 axb4 12. cxb4 Rxa2 13. Rxa2 Bxa2 14. Bb5+
Nc6 15. Ne2 f5 16. Nc3 Be6 17. O-O Kf7 18. Bxc6 bxc6 19. Ra1 Bc4 20. Ra8 h5 21.
Rc8 Rh6 22. Rc7+ Be7 23. Na4 Bb5 24. Nb6 Ke6 25. Nc8 Bf6 26. Na7 Kd5 27. Nxb5
cxb5 28. Rd7+ Kc4 29. Kf1 Rh8 30. Ke2 Rc8 31. h3 Rc6 32. Rf7 f4 33. Rb7 Rc8 34.
Rb6 Bg5 35. Re6 Kd5 36. Rg6 Bf6 37. exf4 exf4 38. Bxf4 Kc4 39. Bd2 Bc3 40. Re6
Bxd2 41. Kxd2 Kxb4 42. Rxe4+ Kxc5 43. Re5+ Kc4 44. Rxh5 Ra8 45. Rh4+ Kc5 46. Kc3
Ra2 47. Rf4 Ra3+ 48. Kb2 Ra7 49. Kb3 Rd7 50. Rf5+ Kc6 51. Rg5 Rf7 52. f4 Kb6 53.
g3 Re7 54. h4 Ka5 55. h5 Re3+ 56. Kc2 Re7 57. g4 Ka4 58. Re5 Rc7+ 59. Kb2 b4 60.
g5 Rc4 61. Rf5 Re4 62. h6 Re2+ 63. Kc1 gxh6 64. g6 Rg2 65. Rf6 Kb3 66. f5 Rc2+
67. Kd1 Rg2 68. Rc6 Rg1+ 69. Kd2 Rg5 70. f6 Rxg6 71. f7 Rxc6 72. f8=Q Rc2+ 73.
Kd1 Rc3 74. Qxh6 Kb2 75. Qf6 Ka3 76. Qd4 Kb3 77. Kd2 Ka4 78. Qd5 Ka3 79. Qh1 Kb2
80. Qe4 Kb3 81. Qb1+ Ka3 82. Qa1+ Kb3 83. Qa5 Kc4 84. Qa2+ Kb5 85. Qa8 Kc4 86.
Qa4 Kc5 87. Qa6 Ra3 88. Qe6 Rc3 89. Qa6 Ra3 90. Qc8+ Kb5 91. Qd7+ Kc5 92. Kc2
Rc3+ 93. Kb2 Kc4 94. Qc6+ Kd4 95. Qb5 Rc4 96. Kb3 Rc1 97. Qxb4+ Kd3 98. Qd6+ Ke2
99. Qh2+ Kd1 100. Qg1+ Kd2 101. Qf2+ Kd1 102. Kb2 Rc8 103. Qf3+ Kd2 104. Qf4+
Kd1 105. Qg4+ 1-0

[Event "81st ch-ESP Rapid 2016"]
[Site "Linares ESP"]
[Date "2016.08.14"]
[Round "8.12"]
[White "Matnadze, Ana"]
[Black "Garcia Molina, Francisco Miguel"]
[Result "1-0"]
[WhiteTitle "IM"]
[WhiteElo "2355"]
[BlackElo "2166"]
[WhiteFideId "13601377"]
[BlackFideId "2278219"]
[EventDate "2016.08.14"]

1. d4 Nf6 2. Nf3 b6 3. g3 Bb7 4. Bg2 e6 5. c4 d5 6. O-O Be7 7. Ne5 O-O 8. Nc3
Nbd7 9. Qa4 Nxe5 10. dxe5 Ne4 11. cxd5 Nc5 12. Qg4 exd5 13. f4 f5 14. exf6 Bxf6
15. Rd1 c6 16. e4 Qc7 17. exd5 Rad8 18. dxc6 Rxd1+ 19. Qxd1 Bxc6 20. Bxc6 Qxc6
21. Qd5+ Qxd5 22. Nxd5 Bd4+ 23. Be3 Bxb2 24. Rd1 Re8 25. Kg2 Kf7 26. Kf3 Rd8 27.
g4 Rd7 28. Bxc5 bxc5 29. Ke4 c4 30. Rd2 Rb7 31. Rc2 c3 32. h4 a5 33. h5 a4 34.
Nxc3 Rb4+ 35. Kf3 Bxc3 36. Rxc3 Rb2 37. Ra3 Rb4 38. Ke3 Kf6 39. Rc3 Rb2 40. a3
Rg2 41. Kf3 Rb2 42. Ke4 Re2+ 43. Kd5 Rg2 44. Rc6+ Kf7 45. Rc7+ Kf8 46. Ra7 Rxg4
47. Ke6 g5 48. h6 1-0

[Event "81st ch-ESP Rapid 2016"]
[Site "Linares ESP"]
[Date "2016.08.14"]
[Round "8.13"]
[White "Ramirez Medina, Victor"]
[Black "Almagro Llamas, Pablo"]
[Result "0-1"]
[BlackTitle "IM"]
[WhiteElo "2209"]
[BlackElo "2436"]
[WhiteFideId "22286942"]
[BlackFideId "2221799"]
[EventDate "2016.08.14"]

1. e4 c6 2. d4 d5 3. exd5 cxd5 4. c4 Nf6 5. Nc3 e6 6. Bg5 Be7 7. Nf3 O-O 8. c5
Ne4 9. Bxe7 Qxe7 10. Qc2 f5 11. Be2 b6 12. cxb6 axb6 13. O-O Bd7 14. Rfe1 Rc8
15. Qb3 Nc6 16. Rac1 Be8 17. Bb5 Na5 18. Qa4 Nc4 19. Qb3 Na5 20. Qa4 Bh5 21. Be2
Nc4 22. Qb3 Qf6 23. Bxc4 Rxc4 24. Qxb6 Bxf3 25. gxf3 Ng5 26. Re3 f4 27. Re2
Nxf3+ 28. Kh1 Nxd4 29. Rd2 Nf3 30. Rd3 Ne5 31. Rdd1 Qf5 32. Qb7 Rf8 33. Qe7 h6
34. Re1 Rcc8 35. Qd6 Ng4 36. Qxe6+ Qxe6 37. Rxe6 Nxf2+ 38. Kg2 Nd3 39. Rf1 d4
40. Nd5 Rc2+ 41. Kf3 Rxb2 42. Rg1 Rf2+ 43. Kg4 f3 44. Re7 Rg2+ 0-1

[Event "81st ch-ESP Rapid 2016"]
[Site "Linares ESP"]
[Date "2016.08.14"]
[Round "8.14"]
[White "Aranaz Murillo, Amalia"]
[Black "Andres Gonzalez, Alberto"]
[Result "1-0"]
[WhiteTitle "WIM"]
[BlackTitle "IM"]
[WhiteElo "2269"]
[BlackElo "2512"]
[WhiteFideId "22200371"]
[BlackFideId "2212595"]
[EventDate "2016.08.14"]

1. Nf3 c5 2. c4 g6 3. g3 Bg7 4. Bg2 Nc6 5. Nc3 Nh6 6. d3 d6 7. Bd2 O-O 8. O-O
Nf5 9. Rb1 b6 10. Nh4 Bd7 11. Nxf5 gxf5 12. Qc1 Rc8 13. Bh6 e6 14. Bf4 Qe7 15.
Nb5 e5 16. Bg5 f6 17. Bh6 a6 18. Nc3 Nd4 19. Bxg7 Qxg7 20. e3 Ne6 21. f4 b5 22.
b3 h5 23. Kf2 Rb8 24. Bf3 Qh6 25. Nd5 h4 26. Ne7+ Kf7 27. Nxf5 hxg3+ 28. hxg3
Qh7 29. Nxd6+ Ke7 30. Ne4 Rg8 31. Rg1 bxc4 32. bxc4 Rxb1 33. Qxb1 exf4 34. exf4
Bc6 35. Qb6 Rc8 36. Rh1 Qf5 37. Rh5 1-0

[Event "81st ch-ESP Rapid 2016"]
[Site "Linares ESP"]
[Date "2016.08.14"]
[Round "8.15"]
[White "Alvarado Diaz, Alejandro"]
[Black "Merario Alarcon, Andres"]
[Result "1-0"]
[WhiteTitle "IM"]
[WhiteElo "2441"]
[BlackElo "2262"]
[WhiteFideId "2276119"]
[BlackFideId "24522767"]
[EventDate "2016.08.14"]

1. g3 g6 2. Bg2 Bg7 3. c4 Nf6 4. Nc3 O-O 5. e3 d6 6. Nge2 e5 7. d3 c5 8. O-O Nc6
9. a3 Be6 10. Nd5 Qd7 11. Nec3 Bh3 12. Nxf6+ Bxf6 13. Rb1 Bg7 14. Bxh3 Qxh3 15.
Qf3 Qd7 16. b4 cxb4 17. axb4 Ne7 18. b5 Rad8 19. Ba3 Rfe8 20. Rfd1 f5 21. Rb3 g5
22. Bb4 g4 23. Qe2 Ng6 24. Ra3 b6 25. Qa2 f4 26. c5+ Kh8 27. c6 Qf5 28. Qe2 Qh5
29. Rxa7 e4 30. Nxe4 Rxe4 31. dxe4 Ne5 32. Bc3 1-0

[Event "81st ch-ESP Rapid 2016"]
[Site "Linares ESP"]
[Date "2016.08.14"]
[Round "8.16"]
[White "Domingo Nunez, Alejandro"]
[Black "Fernandez Borrego, Pablo"]
[Result "1/2-1/2"]
[WhiteTitle "FM"]
[BlackTitle "FM"]
[WhiteElo "2344"]
[BlackElo "2430"]
[WhiteFideId "22245561"]
[BlackFideId "2258285"]
[EventDate "2016.08.14"]

1. e4 e6 2. Nf3 d5 3. Nc3 Nf6 4. e5 Ne4 5. Ne2 Be7 6. d3 Ng5 7. Nf4 c5 8. Nh5 g6
9. Ng3 Nxf3+ 10. Qxf3 Nc6 11. Qe2 h5 12. Rg1 Bd7 13. f4 Qb6 14. c3 a5 15. Qf2 a4
16. Be2 Qa5 17. Bd2 b5 18. Bf3 a3 19. b3 b4 20. c4 h4 21. Ne2 dxc4 22. dxc4 Rd8
23. Be3 Kf8 24. O-O-O Kg7 25. Rxd7 Rxd7 26. Bxc6 Rd3 27. Kc2 Rhd8 28. Be4 R3d7
29. g4 f6 30. f5 Qc7 31. Bf4 fxe5 32. Be3 Rf8 33. Qg2 Rf6 34. g5 Rxf5 35. Bxf5
exf5 36. Rd1 e4 37. Nf4 Kf7 38. Rxd7 Qxd7 39. Qd2 Qxd2+ 40. Kxd2 Bxg5 41. Nd5
Bxe3+ 42. Kxe3 g5 43. h3 1/2-1/2

[Event "81st ch-ESP Rapid 2016"]
[Site "Linares ESP"]
[Date "2016.08.14"]
[Round "8.17"]
[White "Latorre, Manuel"]
[Black "Ortega Lopez, Mikel"]
[Result "1/2-1/2"]
[WhiteTitle "FM"]
[BlackTitle "FM"]
[WhiteElo "2298"]
[BlackElo "2299"]
[WhiteFideId "3700844"]
[BlackFideId "22252878"]
[EventDate "2016.08.14"]

1. d4 Nf6 2. c4 e6 3. Nf3 Bb4+ 4. Nbd2 d5 5. e3 O-O 6. a3 Be7 7. b4 dxc4 8. Nxc4
b6 9. Bd3 Bb7 10. O-O Nbd7 11. Bb2 c5 12. dxc5 bxc5 13. b5 Nb6 14. Na5 Bxf3 15.
gxf3 Na4 16. Bxh7+ Nxh7 17. Qxa4 Qd5 18. Qe4 Qh5 19. Qg4 Qh6 20. Rad1 f5 21. Qg2
Bf6 22. Bxf6 Rxf6 23. Nc6 e5 24. Kh1 Re8 25. Rg1 Nf8 26. Qg5 a6 27. a4 Qxg5 28.
Rxg5 axb5 29. axb5 Ne6 30. Rgg1 Nc7 31. Rd7 Nxb5 32. Rdxg7+ Kh8 33. R7g5 Kh7 34.
Na5 Nd6 35. Rg7+ Kh6 36. R7g3 Kh7 37. Rg7+ Kh6 38. R7g3 Kh7 39. Rh3+ Rh6 40.
Rxh6+ Kxh6 41. Rd1 Nf7 42. Rd5 Ng5 43. Kg2 Rg8 44. Nc4 e4 45. fxe4 fxe4 46. Kf1
Nf3 47. Rd6+ Kh5 48. Rd1 Nxh2+ 49. Ke2 Rg2 50. Rd5+ Kg6 51. Nd2 c4 52. Rc5 Rg4
53. Rxc4 Kf5 54. Rc5+ Kf6 55. Rh5 Rg2 56. Nxe4+ Kg6 57. Ra5 Rg1 58. f4 Rg2+ 59.
Kd3 Nf3 60. f5+ Kf7 61. Ra7+ Ke8 62. Nd6+ Kf8 63. f6 Rd2+ 64. Ke4 Rxd6 65. Kxf3
Rxf6+ 66. Ke4 Ke8 67. Ke5 Rb6 68. e4 Rc6 69. Kf5 Rb6 70. e5 Rc6 71. e6 Rc1 72.
Kf6 Rf1+ 73. Ke5 Re1+ 1/2-1/2

[Event "81st ch-ESP Rapid 2016"]
[Site "Linares ESP"]
[Date "2016.08.14"]
[Round "8.18"]
[White "Silva Rodriguez, Fernando"]
[Black "Tejedor Fuente, Enrique"]
[Result "1/2-1/2"]
[BlackTitle "FM"]
[WhiteElo "2255"]
[BlackElo "2377"]
[WhiteFideId "2215268"]
[BlackFideId "2299100"]
[EventDate "2016.08.14"]

1. d4 d5 2. c4 c6 3. Nc3 Nf6 4. e3 e6 5. Nf3 Nbd7 6. Qc2 Bd6 7. Be2 O-O 8. O-O
dxc4 9. Bxc4 e5 10. Bb3 Qe7 11. Bd2 e4 12. Ng5 Bxh2+ 13. Kxh2 Ng4+ 14. Kg1 Qxg5
15. Qxe4 Ndf6 16. Qf4 Qxf4 17. exf4 Rd8 18. f3 Rxd4 19. Rad1 Nh6 20. g4 Nhxg4
21. Be3 Nxe3 22. Rxd4 Be6 23. Re1 Nf5 24. Rd2 Bxb3 25. axb3 g6 26. Red1 Re8 27.
Rd8 Kf8 28. Ne4 Nd5 29. Rd7 Re7 30. Rd8+ Re8 31. Rd7 Re7 32. Rd8+ Kg7 33. Kf2 h5
34. b4 a6 35. Rb8 Nfe3 36. Rd2 Nc4 37. Rc2 b5 38. Kg3 Nxb4 39. Rxc4 bxc4 40.
Rxb4 a5 41. Rxc4 Rb7 42. Rc5 Rxb2 43. Rxa5 Rb5 44. Ra7 Rf5 45. Rc7 Kf8 46. Rxc6
Ke7 47. Ra6 f6 48. Ra7+ Kf8 49. Nd6 Rd5 50. Rf7+ Kg8 51. Rxf6 Kg7 52. Rf7+ Kg8
53. Rd7 Rd1 54. Rd8+ Kh7 55. Nf7 Rg1+ 56. Kh4 Rg2 57. Rd7 Kg7 58. Ng5+ Kf8 59.
Ne6+ Ke8 60. Rg7 Rg1 61. Ng5 Rh1+ 62. Kg3 h4+ 63. Kg2 Rb1 64. Rxg6 Ke7 65. Rg7+
Kf6 66. Rf7+ Kg6 67. Ra7 Kf5 68. Rf7+ Kg6 69. Kh3 Rh1+ 70. Kg4 Rg1+ 71. Kxh4
Rh1+ 72. Kg3 Rg1+ 73. Kf2 Ra1 74. Rf8 Ra2+ 75. Kg3 Ra1 76. Ne4 Rg1+ 77. Kf2 Ra1
78. f5+ Kg7 79. Rc8 Ra5 80. Rc5 Ra6 81. Kg3 Kh6 82. Kf4 Ra7 83. Rc6+ Kg7 84. Kg5
Kh7 85. Rh6+ Kg8 86. Nf6+ Kg7 87. Rh7+ Kf8 1/2-1/2

[Event "81st ch-ESP Rapid 2016"]
[Site "Linares ESP"]
[Date "2016.08.14"]
[Round "8.19"]
[White "Matamoros Franco, Carlos S."]
[Black "Domingo Nunez, Ruben"]
[Result "0-1"]
[WhiteTitle "GM"]
[BlackTitle "FM"]
[WhiteElo "2488"]
[BlackElo "2321"]
[WhiteFideId "3600017"]
[BlackFideId "22245570"]
[EventDate "2016.08.14"]

1. c4 Nf6 2. g3 g6 3. Bg2 Bg7 4. Nc3 O-O 5. d4 d6 6. Nf3 Nbd7 7. O-O c5 8. b3
Rb8 9. Bb2 a6 10. a4 b6 11. e4 Ne8 12. Re1 Bb7 13. Rb1 Nc7 14. Bf1 e5 15. d5 a5
16. Bc1 Bc8 17. Nb5 Nxb5 18. cxb5 Nf6 19. Nd2 Ne8 20. Nc4 f5 21. f4 fxe4 22.
fxe5 dxe5 23. Bg2 Nd6 24. Rb2 Rb7 25. Bg5 Qd7 26. Nxd6 Qxd6 27. Bxe4 Rbf7 28.
Qd3 Bh3 29. Bg2 e4 30. Rxe4 Bxg2 31. Rxg2 Bd4+ 32. Rxd4 Rf1+ 33. Qxf1 Rxf1+ 34.
Kxf1 cxd4 35. Rf2 h5 36. Rf6 Qxd5 37. Rxg6+ Kh7 38. Rh6+ Kg7 39. Bf4 d3 40. Rd6
Qf3+ 41. Kg1 Qe2 42. h4 Qd1+ 43. Kf2 Qe2+ 44. Kg1 Qd1+ 45. Kf2 Qe2+ 46. Kg1 Qd1+
47. Kf2 Qc2+ 48. Kf1 Qxb3 49. Kf2 Qc2+ 50. Kf1 Qe2+ 51. Kg1 Qd1+ 52. Kf2 Qe2+
53. Kg1 Kf7 54. Rd5 Qe1+ 55. Kh2 Qf2+ 56. Kh3 Qf1+ 57. Kh2 Qe2+ 58. Kg1 Qd1+ 59.
Kf2 Qc2+ 60. Kg1 Qb1+ 61. Kf2 Qa2+ 0-1

[Event "81st ch-ESP Rapid 2016"]
[Site "Linares ESP"]
[Date "2016.08.14"]
[Round "8.20"]
[White "Ljubojevic, Ljubomir"]
[Black "Vinuela Diaz, Saul"]
[Result "1-0"]
[WhiteTitle "GM"]
[WhiteElo "2571"]
[BlackElo "2170"]
[WhiteFideId "900010"]
[BlackFideId "2239639"]
[EventDate "2016.08.14"]

1. c4 Nf6 2. d4 c5 3. d5 b5 4. cxb5 a6 5. bxa6 g6 6. Nc3 Bxa6 7. g3 Bg7 8. Bg2
d6 9. Nf3 Nbd7 10. O-O O-O 11. Qc2 Qa5 12. Rd1 Ng4 13. Bd2 Rfb8 14. Be1 Ra7 15.
h3 Nge5 16. Nxe5 Nxe5 17. b3 c4 18. b4 Qc7 19. Rab1 Bc8 20. f4 Nd7 21. a4 Rxb4
22. Rxb4 Qc5+ 23. Bf2 1-0

[Event "81st ch-ESP Rapid 2016"]
[Site "Linares ESP"]
[Date "2016.08.14"]
[Round "8.21"]
[White "Vega Gomez, Francisco B."]
[Black "Valles Moreno, Ivan"]
[Result "0-1"]
[BlackTitle "IM"]
[WhiteElo "2257"]
[BlackElo "2447"]
[WhiteFideId "2268086"]
[BlackFideId "2205688"]
[EventDate "2016.08.14"]

1. Nf3 Nf6 2. d4 g6 3. g3 Bg7 4. Bg2 O-O 5. O-O d6 6. Nc3 Nbd7 7. e4 e5 8. h3
exd4 9. Nxd4 Re8 10. Re1 a6 11. a4 Rb8 12. Bf4 Ne5 13. b3 Bd7 14. a5 c5 15. Nde2
Bc6 16. Qd2 Qe7 17. Rad1 Rbd8 18. g4 h5 19. g5 Nh7 20. h4 f6 21. Nd5 Qf7 22.
gxf6 Bxf6 23. Nxf6+ Qxf6 24. Bg3 g5 25. hxg5 Nxg5 26. Qf4 Ngf3+ 27. Kh1 Qxf4 28.
Nxf4 h4 29. Bh2 Nxe1 30. Rxe1 Ng4 31. Bg1 Re5 32. f3 Nf6 33. Bh3 d5 34. Ng6 Rg5
35. Ne7+ Kf7 36. Nxc6 bxc6 37. Bxc5 dxe4 38. Be3 Rg3 39. Bf1 exf3 40. Bc4+ Kg6
41. Be6 Rd6 42. Bf2 Rd2 43. Bxg3 hxg3 44. Rg1 Rd3 45. Bg8 Nxg8 0-1